Score 0/16 Timer 02:00
1 Play Today
Scrambled Word Answer % Correct
ARMSRAMS
98.4%
TESJJETS
94.7%
TOLSCCOLTS
91.8%
SGTANIGIANTS
85%
CALSNOFFALCONS
82.1%
AGELSEEAGLES
78.3%
RESTLEESSTEELERS
78.2%
PLODSHINDOLPHINS
77.9%
Scrambled Word Answer % Correct
RUJGASAJAGUARS
77.4%
COMMON BOND:NFL TEAMS
77.3%
SERIRADRAIDERS
70%
HERTSNAPPANTHERS
67%
WAKESHASSEAHAWKS
66.2%
COBORNSBRONCOS
65.3%
ABCCEENRSUBUCCANEERS
64.9%
RPSITOTAPATRIOTS
60.2%

You're not logged in!

Compare scores with friends on all Sporcle quizzes.
OR
Log In

Sporcle TV

Today on Sporcle TV


Watch our educational content, quiz creation guides, and fun videos on Sporcle TV.

Show Comments

Extras

Top Quizzes Today


Score Distribution

Paid Content

Your Account Isn't Verified!

In order to create a playlist on Sporcle, you need to verify the email address you used during registration. Go to your Sporcle Settings to finish the process.

Report this User

Report this user for behavior that violates our Community Guidelines.

Details: